000 00667nam a2200241Ia 4500
003 OSt
005 20221005073152.0
006 a|||||r|||| 00| 0
007 ta
008 221004b |||||||| |||| 00| 0 urd d
020 _a9788126026340 (hbk)
_c300.00
024 _a110401
037 _cTextual
040 _aCRL
_cCRL
_burd
041 _2urd
_aurd
082 _aO168,1M96:g, P8
100 _aShair Naqqad Danishwar
_9607755
245 0 _aFiraq Gorakhpuri
260 _aNew Delhi
_bGopi Chand Narang India
_c2008
650 _aURDU POETRY
942 _hO168,1M96:g, P8
_cTEXL
_2cc
999 _c980686
_d980686